Los años enterrados / (Record no. 192189)

MARC details
000 -LEADER
campo de control de longitud fija 01160nam a2200313 i 4500
001 - NÚMERO DE CONTROL
campo de control 192189
003 - IDENTIFICADOR DE NÚMERO DE CONTROL
campo de control SpMaBN
005 - FECHA Y HORA DE LA ÚLTIMA TRANSACCIÓN
campo de control 20250708180405.0
008 - DATOS DE LONGITUD FIJA--INFORMACIÓN GENERAL
campo de control de longitud fija 221113s2021 sp a | |||| 000 fdspa
017 ## - NÚMERO DE COPYRIGHT O DE DEPÓSITO LEGAL
Número de copyright o de depósito legal SE 1841-2021
Agencia que asigna Oficina Depósito Legal Sevilla
020 ## - NÚMERO INTERNACIONAL ESTÁNDAR DEL LIBRO
Número Internacional Estándar del Libro 978-84-18818-58-5
040 ## - FUENTE DE CATALOGACIÓN
Centro catalogador/agencia de origen SpMaBN
Lengua de catalogación spa
Centro/agencia transcriptor SpMaBN
Normas de descripción rda
080 ## - NÚMERO DE LA CLASIFICACIÓN DECIMAL UNIVERSAL
Número de la Clasificación Decimal Universal 929 Bastid, Ricardo (0:82)
080 ## - NÚMERO DE LA CLASIFICACIÓN DECIMAL UNIVERSAL
Número de la Clasificación Decimal Universal 821.134.2-31"19"
100 0# - ENTRADA PRINCIPAL--NOMBRE DE PERSONA
Nombre de persona Bastid, Ricardo,
Fechas asociadas al nombre 1919-1966
Término indicativo de función/relación Autor
9 (RLIN) 26367
245 14 - MENCIÓN DEL TÍTULO
Título Los años enterrados /
Mención de responsabilidad, etc. Ricardo Bastid ; edición e introducción de Pablo Allepuz y Óscar Chaves.
264 #1 - PRODUCCIÓN, PUBLICACIÓN, DISTRIBUCIÓN, FABRICACIÓN Y COPYRIGHT
Producción, publicación, distribución, fabricación y copyright Sevilla :
Nombre del de productor, editor, distribuidor, fabricante Renacimiento,
Fecha de producción, publicación, distribución, fabricación o copyright [2021]
300 ## - DESCRIPCIÓN FÍSICA
Extensión 380 páginas :
Otras características físicas ilustraciones (blanco y negro) ;
Dimensiones 21 cm.
490 1# - MENCIÓN DE SERIE
Mención de serie Biblioteca del exilio ;
Designación de volumen o secuencia 67
500 ## - NOTA GENERAL
Nota general Índice
655 #7 - TERMINO DE INDIZACIÓN--GENERO/FORMA
Datos o término principal de género/forma Novelas autobiográficas
Fuente del término tgfbne
9 (RLIN) 175819
700 1# - ENTRADA AGREGADA--NOMBRE PERSONAL
Nombre de persona Allepuz, Pablo.
9 (RLIN) 175820
Término indicativo de función/relación Editor literario
700 1# - ENTRADA AGREGADA--NOMBRE PERSONAL
Nombre de persona Chaves Amieva, Óscar
Término indicativo de función/relación Editor literario
9 (RLIN) 175821
830 0# - PUNTO DE ACCESO ADICIONAL DE SERIE-TÍTULO UNIFORME
Título uniforme Biblioteca del exilio ;
Designación de volumen o secuencia 67
9 (RLIN) 180374
852 ## - LOCALIZACIÓN
Ubicación ES-MaACL
Sublocalización o colección R. 153172
Ubicación en estantería Depósito J
Número de control de estantería N-8133
Donativo/Legado Donación: Editorial
itemnumber 199471
942 ## - ELEMENTOS DE ENTRADA SECUNDARIOS (KOHA)
Tipo de ítem Koha Libro impreso
Suprimir en OPAC No
Holdings
Estatus retirado Estado de pérdida Fuente del sistema de clasificación o colocación Estado de daño No para préstamo Biblioteca de origen Biblioteca actual Ubicación en estantería Fecha de adquisición Fuente de adquisición Total de préstamos Signatura topográfica completa Código de barras Visto por última vez Tipo de ítem Koha
    Clasificación decimal universal     Biblioteca del Ateneo de Madrid Biblioteca del Ateneo de Madrid Depósito J 13/11/2022 Donación   N-8133 101206434 23/02/2023 Libro impreso